Noms de Pays contenant... Animaux - Statistiques

Statistiques générales
  • Ce quiz a été pris 48 fois
  • Le résultat moyen est 6 sur 12
Statistiques - réponses
Marque Solutions Pays % Correct
Cerf 2 France, République centrafricaine
96%
Lama 5 Allemagne, Guatemala, Malaisie, Malawi, Marshall
91%
Chien 3 Chine, Liechtenstein, Saint-Christophe-et-Niévès
91%
Chat 3 Autriche, Saint-Christophe-et-Niévès, Tchad
67%
Veau 4 Nouvelle-Zélande, Papouasie-Nouvelle-Guinée, Slovaquie, Venezuela
59%
Zébu 2 Mozambique, Ouzbékistan
57%
Vison 4 Bosnie-Herzégovine, Papouasie-Nouvelle-Guinée, Saint-Christophe-et-Niévès, Slovénie
43%
Ours 6 Arabie Saoudite, Biélorussie, Burkina Faso, Corée du Sud, Honduras, Singapour
30%
Naja 2 Azerbaïdjan, Tadjikistan
30%
Zèbre 1 Bosnie-Herzégovine
20%
Dodo 2 Corée du Nord, Macédoine du Nord
20%
Renard 1 Andorre
7%
Aucun quiz correspondant
Distribution des résultats
% des personnes avec chaque résultat
Percentile par nombre de réponses
Votre historique - résultats
Vous n’avez pas pris ce quiz